| 000 | 00901nam a22003370a 4500 | ||
|---|---|---|---|
| 001 | PT35634 | ||
| 003 | AR-LpoUNG | ||
| 005 | 20210131230320.0 | ||
| 008 | 191001s2006||||ag |||||||||||||||||spa d | ||
| 020 |
_a9879870405450 _c$7,38 |
||
| 040 |
_aAR-LpoUNG _bspa _cAR-LpoUNG _eaacr |
||
| 041 | _aspa | ||
| 044 | _aag | ||
| 082 | 0 | _a982.063 333fui | |
| 100 | 1 | _aLarraquy, Marcelo | |
| 245 | 1 | 0 |
_aFuimos soldados : _bhistoria secreta de la contraofensiva montonera |
| 250 | _a2§ edición | ||
| 260 |
_aBuenos Aires : _bAguilar - Altea - Taurus - Alfaguara, _c2006. |
||
| 300 |
_a244 p. : _btbls., gráfs. |
||
| 650 | 4 | _aANALISIS HISTORICO | |
| 650 | 4 | _aARGENTINA | |
| 650 | 4 | _aDICTADURA | |
| 650 | 4 | _aGOBIERNO MILITAR | |
| 650 | 4 | _aHISTORIA POLITICA | |
| 650 | 4 | _aTERRORISMO | |
| 650 | 4 | _aVIOLENCIA | |
| 651 | 4 | _aArgentina | |
| 653 | _aMONTONEROS | ||
| 905 | _a35634 | ||
| 942 | _cLIB | ||
| 999 |
_c2794 _d2794 |
||